Catálogo público

Grass weeds - 1 : (Record no. 204858)

MARC details
000 -CABECERA
campo de control de longitud fija 00927nam a2200301Ia 4500
001 - NÚMERO DE CONTROL
campo de control Para_6078
003 - IDENTIFICADOR DEL NÚMERO DE CONTROL
campo de control CHAP
008 - DATOS DE LONGITUD FIJA--INFORMACIÓN GENERAL
campo de control de longitud fija 220125s1980 xx 000 0 und d
010 ## - NÚMERO DE CONTROL DE LA BIBLIOTECA DEL CONGRESO
Número de control de LC 204858
040 ## - FUENTE DE LA CATALOGACIÓN
Centro/agencia transcriptor CHAP
082 ## - NÚMERO DE LA CLASIFICACIÓN DECIMAL DEWEY
Número de clasificación PA-C 584.9 H32
100 ## - ENTRADA PRINCIPAL--NOMBRE DE PERSONA
Nombre de persona Hafliger, Ernest
9 (RLIN) 170797
245 ## - MENCIÓN DE TÍTULO
Título Grass weeds - 1 :
Resto del título Weeds of the sub family Panicoideae /
Mención de responsabilidad, etc. by Ernest Hafliger and Hildemar Scholz
260 ## - PUBLICACIÓN, DISTRIBUCIÓN, ETC.
Lugar de publicación, distribución, etc. Basle, Suiza :
Nombre del editor, distribuidor, etc. Ciba- Geigy
300 ## - DESCRIPCIÓN FÍSICA
Extensión 142 p.
500 ## - NOTA GENERAL
Nota general Texto en: inglés, alemán, francés y español
650 ## - PUNTO DE ACCESO ADICIONAL DE MATERIA--TÉRMINO DE MATERIA
Término de materia o nombre geográfico como elemento de entrada Control biológico de malas hierbas
9 (RLIN) 27584
650 ## - PUNTO DE ACCESO ADICIONAL DE MATERIA--TÉRMINO DE MATERIA
Término de materia o nombre geográfico como elemento de entrada Gramíneas
Subdivisión general clasificación
9 (RLIN) 50264
650 ## - PUNTO DE ACCESO ADICIONAL DE MATERIA--TÉRMINO DE MATERIA
Término de materia o nombre geográfico como elemento de entrada Gramineas
Subdivisión general Malas hierbas
9 (RLIN) 170798
700 ## - PUNTO DE ACCESO ADICIONAL--NOMBRE DE PERSONA
Nombre de persona Scholz, Hildemar
9 (RLIN) 170799
901 ## - ELEMENTOS DE DATOS A LOCAL LDA (RLIN)
a PA-C 584.9 H32
902 ## - ELEMENTOS DE DATOS B LOCAL, LDB (RLIN)
a A
905 ## - ELEMENTOS DE DATOS E LOCAL, LDE (RLIN)
a 0000001980 af 0000000000 00
910 ## - DATOS DE OPCIÓN DEL USUARIO (OCLC)
Datos de opción del usuario 1980
942 ## - ELEMENTOS DE PUNTO DE ACCESO ADICIONAL (KOHA)
Tipo de ítem Koha Parasitologia_
942 ## - ELEMENTOS DE PUNTO DE ACCESO ADICIONAL (KOHA)
Tipo de ítem Koha Parasitologia_
-- 1
Holdings
Estado de retiro Estado de pérdida Fuente del sistema de clasificación o colocación Estado dañado Restricciones de uso No para préstamo Código de colección Localización permanente Ubicación/localización actual Fecha de adquisición Información codificada de la localización en otra ubicación Número de inventario Total de préstamos Signatura topográfica completa Código de barras Fecha visto por última vez Número de copia Precio válido a partir de Tipo de ítem Koha Nota pública
    Dewey Decimal Classification   Préstamo interno   Consulta Parasitologia Agricola Parasitologia Agricola 27/10/2005 PARA (PA_3496) (No. UACh C/E)   PA-C 584.9 H32 4102000579 25/01/2022 Ej.1 25/01/2022 Libro 3